[Event "Titled Tue 3rd Jan Late"]
[Site "chess.com INT"]
[Date "2025.06.03"]
[Round "4"]
[White "Crispin Ferreras, Darvi Abraham"]
[Black "Arakelyan, Manvel"]
[Result "0-1"]
[WhiteTitle "CM"]
[BlackTitle "FM"]
[WhiteElo "2124"]
[BlackElo "2326"]
[WhiteFideId "6402771"]
[BlackFideId "13317415"]
[EventDate "2025.06.03"]

1. d4 e6 2. c4 b6 3. Nc3 Bb4 4. f3 Bb7 5. e4 f5 6. exf5 Nh6 7. fxe6 Nf5 8. Ne2
dxe6 9. a3 Bxc3+ 10. bxc3 O-O 11. Qc2 Nc6 12. Ng3 Qd6 13. Ne4 Qe7 14. Bd3 Qh4+
15. Qf2 Qe7 16. Bg5 Qf7 17. O-O Na5 18. c5 Bd5 19. Rae1 Rae8 20. cxb6 axb6 21.
Bc1 h6 22. a4 Nc4 23. Qe2 e5 24. dxe5 Rxe5 25. Bf4 Re7 26. Qf2 Rfe8 27. Bc1 Kh8
28. Ng3 Nfd6 29. Rxe7 Rxe7 30. Re1 Ne5 31. Bb1 Qf6 32. Qc2 Nxf3+ 33. gxf3 Rxe1+
34. Kf2 Re4 35. Nxe4 Bxe4 36. Qb2 Qxf3+ 37. Ke1 Qh1+ 38. Kd2 Qxh2+ 39. Ke3 Qxb2
40. Bxb2 Bxb1 41. a5 bxa5 42. Ba3 Nc4+ 0-1

[Event "Titled Tue 3rd Jan Late"]
[Site "chess.com INT"]
[Date "2025.06.03"]
[Round "4"]
[White "Baltabaev, Temirlan"]
[Black "Sanchez Negreiros, Jose Alberto"]
[Result "1-0"]
[WhiteTitle "FM"]
[BlackTitle "FM"]
[WhiteElo "2295"]
[BlackElo "2231"]
[WhiteFideId "4112172"]
[BlackFideId "3851516"]
[EventDate "2025.06.03"]

1. d4 Nf6 2. Nf3 e6 3. g3 d5 4. c4 Bb4+ 5. Bd2 Be7 6. Bg2 O-O 7. O-O c6 8. Qc2
b6 9. Rd1 Nbd7 10. b3 Bb7 11. Nc3 Rc8 12. e4 c5 13. exd5 exd5 14. dxc5 Bxc5 15.
Bg5 dxc4 16. Bxf6 cxb3 17. Bxd8 bxc2 18. Rxd7 Bc6 19. Rd2 Rfxd8 20. Rxc2 Bb4 21.
Rac1 Ba3 22. Rd1 Re8 23. Nd4 Bxg2 24. Kxg2 Rc4 25. Ncb5 Rxc2 26. Nxc2 Bc5 27.
Nxa7 h5 28. Nb5 Re2 29. Nbd4 Re4 30. Nb3 Be7 31. Ne3 g6 32. Nd5 Bd8 33. Nc3 Re8
34. Nb5 Bf6 35. Rd6 Bd8 36. N3d4 Be7 37. Rxb6 Ra8 38. a3 Bxa3 39. Nxa3 Rxa3 40.
Nf3 Ra5 41. h4 Kg7 42. Ng5 Rf5 43. Rb7 Kg8 44. f3 Rf6 45. Kf2 Rf5 46. Ke3 Re5+
47. Kd4 Rf5 48. f4 Rf6 49. Nf3 Rd6+ 50. Ke4 Re6+ 51. Ne5 f6 52. Kd5 Re8 53. Nxg6
Re3 54. Ne7+ Kh8 55. Nf5 Re8 56. Re7 Rf8 57. Ke6 Kg8 58. Nd6 f5 59. Re8 Kg7 60.
Rxf8 Kxf8 61. Nxf5 1-0

[Event "Titled Tue 3rd Jan Late"]
[Site "chess.com INT"]
[Date "2025.06.03"]
[Round "4"]
[White "Bok, Benjamin"]
[Black "Alekseev, Evgeny"]
[Result "1-0"]
[WhiteTitle "GM"]
[BlackTitle "GM"]
[WhiteElo "2591"]
[BlackElo "2516"]
[WhiteFideId "1017063"]
[BlackFideId "4138147"]
[EventDate "2025.06.03"]

1. d4 Nf6 2. c4 e6 3. Nc3 Bb4 4. Qc2 O-O 5. a3 Bxc3+ 6. Qxc3 b6 7. Bg5 Bb7 8. e3
d6 9. f3 Nbd7 10. Bd3 Rc8 11. Ne2 c5 12. b4 h6 13. Bh4 cxd4 14. exd4 e5 15. O-O
Re8 16. Rac1 g5 17. Bf2 e4 18. fxe4 Nxe4 19. Bxe4 Bxe4 20. Ng3 Bg6 21. d5 Ne5
22. Qd4 f5 23. Rfe1 Qf6 24. h3 h5 25. c5 h4 26. Nf1 bxc5 27. bxc5 dxc5 28. Rxc5
Rxc5 29. Qxc5 f4 30. Bd4 f3 31. Qc3 fxg2 32. Kxg2 Rf8 33. Nh2 Qf4 34. Rxe5 Be4+
35. Kg1 Rb8 36. Nf1 Rf8 37. Qe1 Bd3 38. Ne3 Qxd4 39. Rxg5+ Kh7 40. Rg4 1-0

[Event "Titled Tue 3rd Jan Late"]
[Site "chess.com INT"]
[Date "2025.06.03"]
[Round "4"]
[White "Alizadeh, Mohammad Mahdi"]
[Black "Odegov, Artem"]
[Result "0-1"]
[WhiteTitle "CM"]
[BlackTitle "FM"]
[WhiteElo "2015"]
[BlackElo "2244"]
[WhiteFideId "22598820"]
[BlackFideId "34183644"]
[EventDate "2025.06.03"]

1. Nf3 Nf6 2. g3 b6 3. Bg2 Bb7 4. O-O g6 5. d4 Bg7 6. c4 O-O 7. Nc3 Ne4 8. Qc2
Nxc3 9. Qxc3 c5 10. Be3 d6 11. Qd2 Nc6 12. d5 Na5 13. Rac1 Ba6 14. b3 b5 15.
cxb5 Bxb5 16. Rfe1 Rb8 17. Bh6 Bd7 18. Bxg7 Kxg7 19. e4 Bg4 20. e5 Bxf3 21. Bxf3
Rb4 22. Qc3 Kg8 23. h4 Rd4 24. Rcd1 dxe5 25. Qxc5 Rxd1 26. Rxd1 Nb7 27. Qxa7 Nd6
28. Qe3 f6 29. a4 Qa5 30. Rc1 Rb8 31. Rc3 Nf5 32. Qd3 Nd4 33. Kg2 Kg7 34. h5 Rb4
35. Qe3 Nf5 36. Qd3 Qb6 37. hxg6 hxg6 38. Bd1 Rd4 39. Qf3 Rd2 40. Rc6 Qd4 41.
Re6 Rxd1 0-1

[Event "Titled Tue 3rd Jan Late"]
[Site "chess.com INT"]
[Date "2025.06.03"]
[Round "4"]
[White "Muromtsev, Arthur"]
[Black "Sobek, Jaroslav"]
[Result "1-0"]
[WhiteTitle "FM"]
[BlackTitle "FM"]
[WhiteElo "1967"]
[BlackElo "2195"]
[WhiteFideId "4177002"]
[BlackFideId "301388"]
[EventDate "2025.06.03"]

1. e4 c5 2. Nf3 a6 3. Nc3 b5 4. d4 b4 5. Na4 cxd4 6. Nxd4 Bb7 7. Bc4 Nc6 8. Be3
e6 9. O-O Nf6 10. Nxc6 Bxc6 11. Nb6 Rb8 12. e5 Rxb6 13. Bxb6 Qxb6 14. exf6 gxf6
15. Kh1 Bc5 16. a3 bxa3 17. bxa3 Bxf2 18. Qe2 Bd4 19. Rab1 Qa7 20. c3 Be5 21.
Rb2 Rg8 22. Qd3 Ke7 23. Rbf2 Rg6 24. h3 Qc5 25. Qe2 Qxa3 26. Bd3 Rg7 27. c4 Qc5
28. Be4 a5 29. Bxc6 Qxc6 30. Qf3 Qxf3 31. Rxf3 Rg8 32. Rd3 Ra8 33. Rfd1 Ra7 34.
Ra3 Bd6 35. Ra4 Bb4 36. Rb1 Rc7 37. Rc1 d5 38. Ra2 1-0

[Event "Titled Tue 3rd Jan Late"]
[Site "chess.com INT"]
[Date "2025.06.03"]
[Round "4"]
[White "Gabrielian, Artur"]
[Black "Walmer, Benjamin"]
[Result "1-0"]
[WhiteTitle "GM"]
[WhiteElo "2419"]
[BlackElo "1990"]
[WhiteFideId "4131002"]
[BlackFideId "30958164"]
[EventDate "2025.06.03"]

1. Nf3 d5 2. g3 Nf6 3. Bg2 e6 4. O-O Nbd7 5. d3 Be7 6. Bf4 O-O 7. c4 c5 8. Nc3
Re8 9. Nb5 e5 10. Nxe5 a6 11. Nxf7 Kxf7 12. Bc7 axb5 13. Bxd8 Rxd8 14. cxd5 Ne5
15. d4 Nc4 16. b3 Nb6 17. e4 Kg8 18. dxc5 Bxc5 19. Rc1 Ba3 20. Rc2 Bg4 21. Qd4
Nfd7 22. e5 Bf5 23. Rc7 Ra6 24. e6 Nf6 25. e7 Re8 26. d6 Nbd7 27. Bd5+ Kh8 28.
Bf7 Rxd6 29. Qf4 Bg6 30. Bxe8 Bxe8 31. Rc8 Kg8 32. b4 Re6 33. Rb1 Rxe7 34. Rb3
Re1+ 35. Kg2 Bc1 36. Rxc1 Re4 37. Qd6 h5 38. Rc8 Kh7 39. Re3 Rxe3 40. fxe3 Bg6
41. Rc7 Nb8 42. Kg1 Na6 43. Rxb7 Kh6 44. Qf4+ Kh7 45. Qxf6 Nc7 46. Rxc7 Bf7 47.
Qxf7 1-0

[Event "Titled Tue 3rd Jan Late"]
[Site "chess.com INT"]
[Date "2025.06.03"]
[Round "4"]
[White "Venkatesh, Narayan"]
[Black "Lacasa Diaz, Josep Anton"]
[Result "1-0"]
[WhiteTitle "FM"]
[BlackTitle "IM"]
[WhiteElo "2168"]
[BlackElo "2304"]
[WhiteFideId "30987881"]
[BlackFideId "2203375"]
[EventDate "2025.06.03"]

1. Nf3 d5 2. g3 Nf6 3. Bg2 e6 4. O-O Be7 5. c4 c5 6. d4 O-O 7. dxc5 Bxc5 8. Qc2
Bb6 9. Rd1 Nc6 10. Bg5 h6 11. cxd5 exd5 12. Bxf6 Qxf6 13. Nc3 Be6 14. Qa4 d4 15.
Ne4 Qg6 16. Ned2 Rfe8 17. Nc4 Bd5 18. Nxb6 axb6 19. Qb5 Be4 20. Qxb6 Re7 21.
Nxd4 Nxd4 22. Qxd4 Bxg2 23. Kxg2 Rxe2 24. Rd2 Qc6+ 25. Kg1 Rae8 26. Rxe2 Rxe2
27. Qd8+ Kh7 28. Qd3+ Qe4 29. Qxe4+ Rxe4 30. Kf1 Rc4 31. Re1 Rc2 32. Re2 Rc1+
33. Kg2 f6 34. Re4 Rc2 35. Rb4 Rc7 36. a4 Kg6 37. Rb5 f5 38. b4 f4 39. Kf3 fxg3
40. hxg3 Kf7 41. Rb6 g6 42. a5 Kg7 43. Ke4 h5 44. Kd5 Kh6 45. b5 Rf7 46. f4 h4
47. gxh4 Kh5 48. Ke6 Rc7 49. Kf6 Rd7 50. Re6 Rc7 51. Re5+ Kh6 52. f5 Rd7 53.
fxg6 Rd6+ 54. Kf5 Rxg6 55. Re6 1-0

[Event "Titled Tue 3rd Jan Late"]
[Site "chess.com INT"]
[Date "2025.06.03"]
[Round "4"]
[White "Pereyra, Horacio"]
[Black "Ferey, Antonin"]
[Result "1-0"]
[BlackTitle "CM"]
[WhiteElo "2133"]
[BlackElo "2238"]
[WhiteFideId "113700"]
[BlackFideId "36051454"]
[EventDate "2025.06.03"]

1. d4 Nf6 2. Nc3 d5 3. Bg5 a6 4. Qd3 Nbd7 5. Nf3 e6 6. a3 c5 7. e4 cxd4 8. Nxd4
Nc5 9. Qe3 Ncxe4 10. Nxe4 dxe4 11. O-O-O Bc5 12. Qc3 Qb6 13. Bxf6 gxf6 14. Nb3
Be7 15. f3 Bd7 16. fxe4 Rc8 17. Qf3 Ba4 18. Kb1 O-O 19. h4 Rxc2 20. Kxc2 Rc8+
21. Kb1 Bxb3 22. Rd2 Qc7 23. Bd3 a5 24. Rdd1 a4 25. Rc1 Qd7 26. Rxc8+ Qxc8 27.
Rc1 Qd7 28. Qe2 Qd4 29. Bc2 f5 30. Bxb3 axb3 31. exf5 Bf6 32. Rd1 Qxh4 33. fxe6
fxe6 34. Qxe6+ Kg7 35. Rd7+ Kg6 36. Qf7+ Kf5 37. Rd5+ Ke4 38. Qe6+ Kf4 39. Qe2 1-0

[Event "Titled Tue 3rd Jan Late"]
[Site "chess.com INT"]
[Date "2025.06.03"]
[Round "4"]
[White "Alvarado, Carlos"]
[Black "Jaskolka, Tomasz"]
[Result "0-1"]
[WhiteTitle "CM"]
[BlackTitle "CM"]
[WhiteElo "2032"]
[BlackElo "2200"]
[WhiteFideId "3800555"]
[BlackFideId "1170791"]
[EventDate "2025.06.03"]

1. Nf3 d5 2. b3 Bg4 3. Bb2 Bxf3 4. exf3 e6 5. Be2 Nf6 6. O-O c6 7. Re1 Bd6 8. d4
Nbd7 9. Nd2 O-O 10. Nf1 Re8 11. Ne3 Nf8 12. Bd3 Ng6 13. g3 a5 14. a3 b5 15. Ng4
Nxg4 16. fxg4 Qb6 17. h4 Nf8 18. Kg2 c5 19. g5 c4 20. Bf1 b4 21. a4 Rac8 22. Bc1
cxb3 23. cxb3 e5 24. Be3 e4 25. Kh2 Ne6 26. Bh3 Rc3 27. h5 Rd3 28. Qg4 Nxd4 29.
g6 fxg6 30. hxg6 h6 31. Qd7 Rf8 32. Be6+ Kh8 33. Bxh6 Rxf2+ 34. Kh1 Bf8 35. Bxd5
Qxg6 36. Qh3 Qxh6 37. Qxh6+ gxh6 38. Rxe4 Rdd2 39. Rh4 Kg7 40. Re1 Nf5 41. Rg4+
Kf6 42. Rf4 Rxf4 43. gxf4 Rxd5 0-1

[Event "Titled Tue 3rd Jan Late"]
[Site "chess.com INT"]
[Date "2025.06.03"]
[Round "4"]
[White "Gomez Gonzales, Fabiana"]
[Black "Vila Dupla, Aurelio"]
[Result "1-0"]
[WhiteTitle "WCM"]
[BlackTitle "FM"]
[WhiteElo "1843"]
[BlackElo "2056"]
[WhiteFideId "3860191"]
[BlackFideId "2203383"]
[EventDate "2025.06.03"]

1. e4 d6 2. d4 Nf6 3. Nc3 g6 4. h3 Bg7 5. Nf3 c6 6. Bf4 b5 7. a3 a5 8. Bd3 Ba6
9. O-O O-O 10. Re1 b4 11. axb4 axb4 12. Nb1 Qb6 13. Bxa6 Rxa6 14. Rxa6 Nxa6 15.
Nbd2 Nd7 16. Nc4 Qb5 17. Qd3 Nc7 18. Ra1 Ra8 19. Rxa8+ Nxa8 20. Qb3 Nab6 21.
Ncd2 h6 22. Qa2 c5 23. d5 c4 24. Qa7 Bxb2 25. Bxh6 Bg7 26. Bxg7 Kxg7 27. Qa1+ f6
28. Nd4 Qa4 29. Ne6+ Kf7 30. Qc1 Nf8 31. Nd8+ Ke8 32. Nc6 c3 33. Nb3 Nbd7 34.
Qe3 Qa2 35. Qd3 Qb1+ 36. Kh2 Qe1 37. Qd4 Ne5 38. Qxb4 Qxf2 39. Qxc3 Qf4+ 40. Qg3
Qxg3+ 41. Kxg3 Nfd7 42. Nbd4 Nc5 43. Nxe5 1-0

[Event "Titled Tue 3rd Jan Late"]
[Site "chess.com INT"]
[Date "2025.06.03"]
[Round "4"]
[White "Sharankov, Grigory"]
[Black "Amarasinghe, A A C B"]
[Result "1-0"]
[WhiteTitle "CM"]
[BlackTitle "CM"]
[WhiteElo "2238"]
[BlackElo "1949"]
[WhiteFideId "4168356"]
[BlackFideId "9901809"]
[EventDate "2025.06.03"]

1. e4 e6 2. Nf3 d5 3. Nc3 d4 4. Ne2 d3 5. cxd3 Qxd3 6. Nc3 Qd8 7. d4 Nf6 8. Bb5+
c6 9. Bd3 Bb4 10. O-O h6 11. Qe2 a5 12. e5 Nd5 13. Ne4 b6 14. Bd2 Be7 15. Rac1
O-O 16. Nc3 Ba6 17. Bxa6 Nxa6 18. Rfd1 Nab4 19. a3 Nxc3 20. Rxc3 Nd5 21. Rxc6
Rc8 22. Rxc8 Qxc8 23. Rc1 Qb7 24. Qc4 g5 25. Qc6 Qxc6 26. Rxc6 Kg7 27. Ne1 Kg6
28. Nd3 Kf5 29. f3 h5 30. Kf2 g4 31. Rc1 gxf3 32. gxf3 Bh4+ 33. Ke2 Rg8 34. Kf1
f6 35. exf6 Bxf6 36. Rc4 h4 37. Nf2 b5 38. Rc5 Bxd4 39. Rxb5 1-0

[Event "Titled Tue 3rd Jan Late"]
[Site "chess.com INT"]
[Date "2025.06.03"]
[Round "4"]
[White "Reinecke, Katharina"]
[Black "Albores, Pablo"]
[Result "0-1"]
[WhiteTitle "WCM"]
[BlackTitle "CM"]
[WhiteElo "1921"]
[BlackElo "2220"]
[WhiteFideId "12929727"]
[BlackFideId "105546"]
[EventDate "2025.06.03"]

1. d4 g6 2. Nf3 Bg7 3. g3 d6 4. Bg2 Nf6 5. O-O O-O 6. c4 Nc6 7. Nc3 e5 8. d5 Ne7
9. e4 Nd7 10. b4 a5 11. b5 Nc5 12. Be3 b6 13. Bxc5 dxc5 14. a4 Bd7 15. Qe2 Nc8
16. Nd2 Nd6 17. Nd1 f5 18. Ne3 f4 19. Nd1 g5 20. f3 Qe8 21. g4 h5 22. h3 Kf7 23.
Kf2 Rh8 24. Ke1 Qe7 25. Nf2 Rh7 26. Kd1 Rah8 27. Kc2 Qf6 28. Rh1 Ke7 29. Rag1
Be8 30. Kb3 Bg6 31. Qf1 Kd8 32. Qe2 Kc8 33. Qf1 Kb7 34. Qe2 Qf7 35. Qf1 Qg8 36.
Qe2 Rh6 37. Qf1 Qh7 38. gxh5 Bxh5 39. Ng4 Bxg4 40. hxg4 Rh2 41. Rxh2 Qxh2 42.
Rh1 Qg3 43. Rxh8 Bxh8 44. Qh1 Qf2 45. Qxh8 Qxd2 46. Qh1 Qb4+ 47. Kc2 Qxc4+ 48.
Kb2 Qxa4 49. Bf1 Qd4+ 50. Ka2 a4 51. Qg2 Qb4 52. Qc2 Nxb5 53. Bxb5 Qxb5 54. Ka3
Qb4+ 55. Ka2 b5 56. Qd1 Qb3+ 0-1

[Event "Titled Tue 3rd Jan Late"]
[Site "chess.com INT"]
[Date "2025.06.03"]
[Round "4"]
[White "Erdogmus, Yagiz Kaan"]
[Black "Popov, Konstantin"]
[Result "0-1"]
[WhiteTitle "GM"]
[BlackTitle "FM"]
[WhiteElo "2618"]
[BlackElo "2378"]
[WhiteFideId "44599790"]
[BlackFideId "34137910"]
[EventDate "2025.06.03"]

1. b3 Nf6 2. Bb2 g6 3. g3 Bg7 4. Bg2 O-O 5. d4 d6 6. Nf3 Nbd7 7. O-O Re8 8. c4
c6 9. Nc3 e5 10. dxe5 dxe5 11. Nd2 Qc7 12. Nde4 Nxe4 13. Nxe4 Nf6 14. Nd6 Rd8
15. c5 Ne8 16. Nxe8 Rxe8 17. b4 Be6 18. Qa4 a6 19. Bc3 Rad8 20. a3 Rd7 21. Rac1
Red8 22. h4 h5 23. Qc2 Bf5 24. Qb2 Bg4 25. a4 Be6 26. b5 axb5 27. axb5 Bd5 28.
Bh3 f5 29. Ra1 cxb5 30. Ba5 Qxc5 31. Bxd8 Rxd8 32. Rad1 e4 33. Qb1 Rd6 34. Rc1
Bc4 35. Rfd1 Rxd1+ 36. Rxd1 Bxe2 37. Rd8+ Kh7 38. Rd7 Qe5 39. Rxb7 e3 40. Qe1
exf2+ 41. Qxf2 Bc4 42. Kh2 Kh6 43. Bg2 Qd4 44. Qf3 Be5 45. Bh3 Bd3 46. Qg2 Be4
47. Qf1 Bxb7 48. Qc1+ Kh7 49. Bxf5 Qf2+ 50. Kh3 Qxg3# 0-1

[Event "Titled Tue 3rd Jan Late"]
[Site "chess.com INT"]
[Date "2025.06.03"]
[Round "4"]
[White "Tilahun, Abel Mathewos"]
[Black "Daspres, Loic"]
[Result "1-0"]
[WhiteTitle "CM"]
[BlackTitle "CM"]
[WhiteElo "1944"]
[BlackElo "2207"]
[WhiteFideId "15702391"]
[BlackFideId "20612281"]
[EventDate "2025.06.03"]

1. e4 c5 2. Nf3 e6 3. d4 cxd4 4. Nxd4 Nf6 5. Nc3 Nc6 6. Nxc6 bxc6 7. e5 Nd5 8.
Ne4 Qc7 9. f4 Qb6 10. c4 Bb4+ 11. Ke2 f5 12. Nf2 Ba6 13. Kf3 Ne7 14. Be3 Bc5 15.
Bxc5 Qxc5 16. Qa4 Bb7 17. h4 Qb6 18. Qa3 c5+ 19. Kg3 Nc6 20. Nd3 Rc8 21. Qxc5
Qd8 22. Qd6 Ne7 23. b3 O-O 24. Be2 Bc6 25. Bf3 Qe8 26. Rad1 Be4 27. Nf2 Qg6+ 28.
Kh2 Bxf3 29. gxf3 Rce8 30. Qxd7 Qh6 31. Kg2 Kh8 32. Nd3 Qg6+ 33. Kf2 Qh6 34.
Qxa7 Ng6 35. Qe3 Rd8 36. h5 Ne7 37. Nc5 Ra8 38. a4 Nc6 39. Rd6 Nd8 40. b4 Re8
41. a5 Nf7 42. Rd7 Kg8 43. a6 Rab8 44. b5 Rbc8 45. a7 Nd8 46. Qd4 Nf7 47. Na6
Red8 48. Rxd8+ Rxd8 49. Qxd8+ Nxd8 50. a8=Q Qxf4 51. Qxd8+ Kf7 52. Qd7+ Kf8 53.
Qd6+ Kf7 54. Nc5 Qxc4 55. Qxe6+ Qxe6 56. Nxe6 1-0

[Event "Titled Tue 3rd Jan Late"]
[Site "chess.com INT"]
[Date "2025.06.03"]
[Round "4"]
[White "Mafra, Kaiser Luiz"]
[Black "Sroczynski, Maciej"]
[Result "1/2-1/2"]
[WhiteTitle "CM"]
[BlackTitle "FM"]
[WhiteElo "2094"]
[BlackElo "2236"]
[WhiteFideId "2106698"]
[BlackFideId "1121472"]
[EventDate "2025.06.03"]

1. d4 Nf6 2. Bf4 g6 3. Qd2 Bg7 4. Nc3 d5 5. Bh6 Bxh6 6. Qxh6 Nc6 7. O-O-O Bf5 8.
f3 Qd7 9. g4 Be6 10. e4 O-O-O 11. e5 Ne8 12. Kb1 f6 13. exf6 exf6 14. Bb5 a6 15.
Ba4 b5 16. Bb3 Na5 17. Nge2 Qg7 18. Qf4 g5 19. Qe3 Qf7 20. Rhe1 Nd6 21. Ng3 Rhe8
22. Qf2 Nac4 23. h3 Kb7 24. f4 h6 25. f5 Bd7 26. Nf1 Bc6 27. Ne3 Nxe3 28. Rxe3
Rxe3 29. Qxe3 b4 30. Na4 Bxa4 31. Bxa4 c6 32. Re1 Re8 33. Qf2 Ne4 34. Qg1 h5 35.
Ka1 hxg4 36. hxg4 Rh8 37. Qf1 Rh2 38. Bxc6+ Kxc6 39. Qxa6+ Kd7 40. Qb5+ Kd8 41.
Qb8+ Kd7 42. Qxh2 Qe7 43. Qb8 Qd6 44. Qb7+ Ke8 45. Qc8+ Kf7 46. c3 bxc3 47. bxc3
Qg3 48. Qe6+ Kg7 49. Rc1 Qe3 50. Rc2 Qd3 51. Kb2 Qb5+ 52. Kc1 Qf1+ 53. Kb2 Qb5+
54. Kc1 Qf1+ 55. Kb2 Qb5+ 1/2-1/2

[Event "Titled Tue 3rd Jan Late"]
[Site "chess.com INT"]
[Date "2025.06.03"]
[Round "4"]
[White "Ahmad, Khagan"]
[Black "Mitrabha, Guha"]
[Result "0-1"]
[WhiteTitle "IM"]
[BlackTitle "GM"]
[WhiteElo "2405"]
[BlackElo "2515"]
[WhiteFideId "13431552"]
[BlackFideId "5057000"]
[EventDate "2025.06.03"]

1. d4 Nf6 2. Nf3 c5 3. d5 g6 4. c4 Bg7 5. Nc3 d6 6. e4 e6 7. h3 O-O 8. Bd3 exd5
9. cxd5 b5 10. Bxb5 Nxe4 11. Nxe4 Qa5+ 12. Bd2 Qxb5 13. Nxd6 Qa6 14. Nxc8 Rxc8
15. Qe2 Bxb2 16. Rb1 Bg7 17. Qxa6 Nxa6 18. Be3 Rd8 19. Rd1 Rd7 20. Ke2 Rad8 21.
Bg5 Re8+ 22. Be3 Nb4 23. d6 Nxa2 24. Rd2 Nc3+ 25. Kf1 Ne4 26. Rd5 c4 27. g4 a6
28. Kg2 Rxd6 29. Rxd6 Nxd6 30. Rd1 Nb5 31. Rd7 h6 32. g5 h5 33. h4 c3 34. Ne1
Ra8 35. Nc2 a5 36. Rd5 Nc7 37. Rd7 Ne6 38. Kf3 a4 39. Ke2 a3 40. Rd1 a2 41. Ra1
Nc7 42. Kd3 Nd5 43. Kc4 Nxe3+ 44. fxe3 Kf8 45. Kb3 Be5 46. Nd4 Bxd4 47. exd4 Ke7
48. Rxa2 Rxa2 49. Kxa2 f6 50. gxf6+ Kxf6 51. Kb3 g5 52. hxg5+ Kxg5 53. d5 h4 54.
Kxc3 h3 55. d6 Kf6 0-1

[Event "Titled Tue 3rd Jan Late"]
[Site "chess.com INT"]
[Date "2025.06.03"]
[Round "4"]
[White "Zieba, Hubert"]
[Black "Firouzja, Alireza"]
[Result "1/2-1/2"]
[WhiteTitle "CM"]
[BlackTitle "GM"]
[WhiteElo "2233"]
[BlackElo "2757"]
[WhiteFideId "21844704"]
[BlackFideId "12573981"]
[EventDate "2025.06.03"]

1. d4 g6 2. c4 Bg7 3. Nf3 d6 4. Nc3 Nf6 5. g3 O-O 6. Bg2 c5 7. O-O Nc6 8. dxc5
dxc5 9. Bf4 Nh5 10. Be3 b6 11. Ne5 Bxe5 12. Bxc6 Bh3 13. Bxa8 Qxa8 14. Qd5 Bxc3
15. bxc3 Bxf1 16. Qxa8 Rxa8 17. Kxf1 Kf8 18. a4 a5 19. Rb1 Ra6 20. Bf4 Nxf4 21.
gxf4 Ke8 22. Kg2 Kd7 23. Kf3 Kc7 24. Rd1 Ra8 25. h4 Rd8 26. Rxd8 Kxd8 27. Ke4 e6
28. Ke5 Ke7 29. e3 f6+ 30. Ke4 Kf7 31. Kf3 Kg7 32. Kg3 f5 33. Kh3 Kh6 34. Kg3
Kh5 35. Kh3 Kh6 36. Kg3 Kg7 37. Kh3 Kf7 38. Kg3 Kf6 39. Kh3 e5 40. Kg3 h6 41.
Kh3 g5 42. hxg5+ hxg5 43. fxg5+ Kxg5 44. f3 Kg6 45. f4 exf4 46. exf4 Kh6 47. Kh4
Kg6 48. Kg3 Kh6 49. Kh4 Kg6 50. Kg3 Kh6 51. Kh4 1/2-1/2

[Event "Titled Tue 3rd Jan Late"]
[Site "chess.com INT"]
[Date "2025.06.03"]
[Round "4"]
[White "Povshednyi, Ivan"]
[Black "Becking, Stephan"]
[Result "1/2-1/2"]
[WhiteTitle "FM"]
[BlackTitle "IM"]
[WhiteElo "2320"]
[BlackElo "2410"]
[WhiteFideId "14190907"]
[BlackFideId "4632478"]
[EventDate "2025.06.03"]

1. d4 Nf6 2. c4 e6 3. Nc3 Bb4 4. e3 c5 5. a3 Bxc3+ 6. bxc3 d5 7. cxd5 exd5 8.
Bd3 O-O 9. Ne2 Nc6 10. O-O Bg4 11. f3 Bh5 12. Ng3 Bg6 13. Bb2 Re8 14. Bxg6 hxg6
15. Qd3 Na5 16. e4 cxd4 17. cxd4 Nc4 18. Bc1 b5 19. Bg5 Qb6 20. Bxf6 Qxf6 21.
Rab1 a6 22. Kh1 Qf4 23. Rfe1 dxe4 24. fxe4 Rad8 25. d5 Ne5 26. Qe3 Qh4 27. h3
Nc4 28. Qd3 Re5 29. Kh2 Rde8 30. Rbd1 Rd8 31. Rf1 Rg5 32. Qf3 Ne5 33. Qf4 Qh6
34. Rf2 Ng4+ 35. Kg1 Nxf2 36. Qxf2 Re5 37. Qd4 Re7 38. Nf1 Qf4 39. Nd2 Qe5 40.
Qd3 Rc8 41. Nf3 Qc3 42. Qxc3 Rxc3 43. d6 Rd7 44. e5 Rxa3 45. e6 fxe6 46. Ne5 Rd8
47. Nc6 Rd7 48. Ne5 Rd8 49. Nc6 Rd7 50. Nb8 Rd8 51. Nc6 1/2-1/2

[Event "Titled Tue 3rd Jan Late"]
[Site "chess.com INT"]
[Date "2025.06.03"]
[Round "4"]
[White "Mikhalevski, Victor"]
[Black "Jing, Andrew"]
[Result "1-0"]
[WhiteTitle "GM"]
[BlackTitle "FM"]
[WhiteElo "2513"]
[BlackElo "2254"]
[WhiteFideId "2801914"]
[BlackFideId "30984076"]
[EventDate "2025.06.03"]

1. g3 e5 2. c4 Nf6 3. Bg2 g6 4. Nf3 d6 5. O-O Bg7 6. Nc3 O-O 7. d4 Nbd7 8. e4 b6
9. h3 Bb7 10. Re1 Re8 11. d5 a5 12. Bg5 h6 13. Be3 Nc5 14. Qc2 Nfd7 15. b3 Rf8
16. Nh4 Nf6 17. Rad1 Nh5 18. Nf3 Bc8 19. Qc1 Kh7 20. Nh2 f5 21. exf5 gxf5 22.
Qc2 Kh8 23. Bc1 f4 24. Qg6 Qg5 25. Qxg5 hxg5 26. Ng4 Nf6 27. Nxf6 Bxf6 28. Ne4
Nxe4 29. Rxe4 Bf5 30. Ree1 Rae8 31. g4 Bg6 32. Be4 Bf7 33. Kg2 Kg7 34. a3 Rh8
35. Rd3 Ra8 36. Bd2 Be8 37. Rc1 Bd7 38. b4 axb4 39. axb4 Ra2 40. c5 bxc5 41.
bxc5 Be7 42. cxd6 Bxd6 43. Be1 Rb8 44. Rdc3 Rb7 45. R3c2 Ra3 46. Rc4 Kf6 47.
R1c2 Ke7 48. Bd2 Kd8 49. Be1 Rbb3 50. f3 Bb5 51. R4c3 Rxc3 52. Rxc3 Ra2+ 53. Rc2
Ra1 54. Bf2 Bf1+ 55. Kh2 Bb5 56. h4 gxh4 57. Bxh4+ Kd7 58. g5 Be7 59. Bf5+ Kd6
60. Be6 Ra8 61. Kh3 Rh8 62. Kg4 Bd3 63. Rc6# 1-0

[Event "Titled Tue 3rd Jan Late"]
[Site "chess.com INT"]
[Date "2025.06.03"]
[Round "4"]
[White "Haug, Havard"]
[Black "Florescu, Codrut-Constantin"]
[Result "1/2-1/2"]
[WhiteTitle "FM"]
[BlackTitle "IM"]
[WhiteElo "2354"]
[BlackElo "2193"]
[WhiteFideId "1547887"]
[BlackFideId "1202200"]
[EventDate "2025.06.03"]

1. e4 c5 2. c3 Nf6 3. e5 Nd5 4. Nf3 e6 5. d4 cxd4 6. cxd4 d6 7. Bc4 Be7 8. O-O
O-O 9. Qe2 Nc6 10. Qe4 dxe5 11. dxe5 b6 12. Bd3 g6 13. Bh6 Re8 14. Nc3 Ncb4 15.
Bc4 Bb7 16. a3 Rb8 17. axb4 Nxc3 18. Qf4 Nd5 19. Bxd5 Bxd5 20. Ng5 f5 21. h4 Rc8
22. Rac1 Qd7 23. h5 Rxc1 24. Rxc1 Rc8 25. Rd1 Qc6 26. hxg6 hxg6 27. Qg3 Qc2 28.
Rf1 f4 29. Qxf4 Qf5 30. Qxf5 gxf5 31. Ra1 Rc7 32. Ra3 f4 33. Rd3 Bxb4 34. Rd4
Rc4 35. Rxc4 Bxc4 36. Ne4 f3 37. gxf3 a5 38. Bd2 Bxd2 39. Nxd2 Bd5 40. f4 b5 41.
Kf1 a4 42. Ke2 b4 43. Kd3 a3 44. bxa3 bxa3 45. Kc3 Kf7 46. Nf1 a2 47. Kb2 Kg6
48. Ne3 Bb3 49. f3 Kh5 50. f5 exf5 51. Nxf5 Kg5 52. Nd4 Bd5 53. e6 Kf6 54. f4
Bxe6 55. Ka1 Bd5 56. Kb2 Be6 57. Ka1 Bd5 58. Nc2 Kf5 59. Nb4 Kxf4 60. Nxd5+ Ke5
61. Nb6 Kd4 62. Nc8 Ke5 63. Ne7 Kd4 64. Ng8 Ke5 65. Nf6 Kd4 66. Kxa2 1/2-1/2